000
00418nam a22001697a 4500
003
MPLRDC
005
20220104124851.0
008
210129b ||||| |||| 00| 0 eng d
082
_a
414.12 WXR
100
_a
汪巽人、陈竹友编著
245
_a
古医籍词义
_c
250
_a
一版一刷
260
_a
_b
福建科学技术出版社
_c
1982
300
_b
平
650
_a
绎名
942
_c
BK
_o
414.12 WXR
999
_c
22795
_d
22785